[Event "Cup Russia"]
[Site "masterchessopen.com Serpukhov (Russia)"]
[Date "2007.11.12"]
[Round "4"]
[White "Bareev Evgeny (RUS)"]
[Black "Timofeev Artyom (RUS)"]
[Result "0-1"]
[WhiteElo "2653"]
[BlackElo "2637"]

{ Bareev Evgeny (RUS) +1 =3 -0 Timofeev Artyom (RUS) +1 =1 -1 } 1.d4 Nf6 2.c4
g6 3.g3 d5 4.cxd5 Nxd5 5.Bg2 Bg7 6.e4 Nb4 { ? } ( 6...Nb6 7.Ne2 O-O 8.O-O Nc6
9.d5 Na5 10.Nbc3 c6 11.Re1 cxd5 12.exd5 Nac4 13.b3 Nd6 14.Ba3 Bg4 15.Rc1 Rc8
16.Qd3 Nd7 17.Nd4 Qb6 18.Nf3 Nc5 19.Qd2 Qa6 20.Bxc5 Rxc5 21.Na4 Rxc1 22.Rxc1
Rc8 23.Rxc8+ Nxc8 24.Qb4 h5 25.h3 Bxf3 26.Bxf3 { ...1/2-1/2, Tregubov Pavel V
2613 - Navara David 2719 , France 29. 4.2007 Ch France (team) 2007 } ) 7.d5 c6
8.a3 Qa5 9.Nc3 cxd5 10.Be3 { ? = } ( 10.Bf4 N4c6 11.exd5 Nd4 12.Nf3 Bg4 13.O-O
O-O 14.Re1 Re8 15.Be5 Nxf3+ 16.Bxf3 Bxe5 17.Rxe5 Nd7 18.Re3 Bxf3 19.Qxf3 Rad8
20.b4 Qa6 21.Rae1 { 1-0, Korchnoi Viktor 2635 - Djuric Stefan 2490 , Sarajevo
1984 It (cat.12) } ) 10...N4c6 ( 10...d4 11.axb4 Qd8 12.Bd2 dxc3 13.Bxc3 Bxc3+
14.bxc3 Qc7 15.Ne2 O-O 16.O-O e5 17.Qd3 Be6 18.Qe3 Bc4 19.Rfe1 b6 20.f4 f6
21.f5 g5 22.g4 Nc6 23.Ng3 Rad8 24.Bf1 Qf7 25.Rad1 Bxf1 26.Rxf1 Qc4 27.h4 h6
28.hxg5 hxg5 29.Nh5 Kf7 30.Rxd8 { ...0-1, Kasimdzhanov Rustam 2676 - Krasenkow
Michal 2633 , Essen 2002 It (cat.16) } ) 11.exd5 Ne5 12.Bd4 ( 12.Ne2 O-O
13.O-O Bg4 14.f3 Bf5 15.Bd4 Qa6 16.h3 Rc8 17.f4 Nc4 18.b3 Nd6 19.Bxg7 Kxg7
20.Qd4+ Kg8 21.Rfc1 Nd7 22.g4 Bd3 23.Qe3 Qb6 24.Qxb6 Nxb6 25.Kf2 Rc5 26.Na2
Bc2 27.Nb4 Rac8 28.Rxc2 Rxc2 29.Nxc2 Rxc2 30.Rc1 Rb2 31.a4 Rxb3 { ...0-1, Van
Den Berg Carel B 2410 - Olafsson Fridrik 2570 , Wijk aan Zee 1971 It (a) } )
12...Bf5 { +0.00 CAP } 13.Ne2 { N } ( 13.Bxe5 Bxe5 14.Ne2 O-O ( 14...Qb6
15.Na4 Qd6 16.O-O O-O 17.Re1 Bg4 18.h3 Bxe2 19.Qxe2 Nd7 20.Qb5 Rab8 21.Rac1 a6
22.Qe2 Rbc8 23.b4 Bd4 24.Kh2 Rxc1 25.Rxc1 h5 26.Qd2 Ba7 27.h4 Ne5 28.Nc5 Rc8
29.Ne4 Ng4+ 30.Kg1 Rxc1+ 31.Qxc1 Qe5 32.Qf4 Qd4 { ...1/2-1/2, Kempinski Robert
2608 - Van Wely Loek 2681 , Istanbul 2003 Ch Europe } ) 15.O-O Qb6 16.Na4 Qd6
17.Re1 Na6 18.Nd4 Bd7 19.Nc3 Bg7 20.Qd2 Nc5 21.Rad1 Rac8 22.Qe3 Rfe8 23.Nc6
Bxc3 24.Qxc3 a6 25.Qe3 Bg4 26.Rd4 bxc6 27.dxc6 Qe6 28.Qc3 Qf5 29.Rf4 Qh5
30.Re5 Bf5 31.Bf3 Na4 32.Rxa4 Qh6 { ...1-0, Ivanchuk Vassily 2731 - Van Wely
Loek 2714 , Monaco 2001 It "Melody Amber" (active) } ) 13...O-O 14.O-O Nbd7
15.h3 Rac8 16.Kh2 Nb6 { ?! } ( 16...Qa6 { !? } 17.f4 Nc4 18.Bxg7 Ne3 19.Qd4
Nc2 20.Qd2 Kxg7 21.Rac1 { } ) 17.f4 Nec4 18.Bxg7 Ne3 19.Qd4 Nxf1+ { ?! } (
19...Nc2 { !? } 20.Qd1 Ne3 21.Qd4 Nc2 { } ) 20.Bxf1 Rc4 21.Bxf8 { ? } ( 21.b4
Qa6 22.Bxf8 Rxd4 23.Nxd4 Bd3 24.Bxe7 Bxf1 25.b5 Bxb5 26.Ncxb5 Nxd5 27.Bc5 b6
28.Bd6 { } ) 21...Rxd4 22.Nxd4 Qc5 23.Nxf5 Kxf8 24.Nxe7 Qf2+ 25.Bg2 Qxb2
26.Rd1 Qxc3 27.d6 Qc2 28.Rd4 Ke8 29.g4 Qf2 30.Re4 Kd7 31.Ng8 Nd5 { } {#R} 0-1

[Event "It (open)"]
[Site "masterchessopen.com Metz (France)"]
[Date "2008.04.22"]
[Round "4"]
[White "Spirin Oleg (RUS)"]
[Black "Maruejols Claude (FRA)"]
[Result "1-0"]
[WhiteElo "2438"]
[BlackElo "2005"]

1.d4 Nf6 2.c4 g6 3.g3 d5 4.cxd5 Nxd5 5.Bg2 Bg7 6.e4 Nb4 7.d5 c6 8.a3 Qa5 9.Nc3
cxd5 10.Bf4 N4a6 11.exd5 O-O 12.Ne2 Nd7 13.O-O Ne5 14.b4 Qd8 15.h3 Nc4 16.Qb3
Nd6 17.Rfd1 Nc7 18.Rac1 Bd7 19.Na4 Bxa4 20.Qxa4 Ncb5 21.Qb3 Rc8 22.a4 Rxc1
23.Bxc1 Nc7 24.b5 Qd7 25.Be3 Ra8 26.Nd4 Bxd4 27.Bxd4 a6 28.bxa6 Rxa6 29.Ra1 b5
30.a5 Nc4 31.Qf3 Ne8 32.Bc3 Qd6 33.Qe4 Qc5 34.Qe1 Nc7 35.Bb4 Qd4 36.Rd1 Qa7
37.Qxe7 Nxa5 38.Qf8# 1-0

[Event "It (open)"]
[Site "masterchessopen.com Differdange (Luxembourg)"]
[Date "2008.05.11"]
[Round "2"]
[White "Tania Sachdev (IND)"]
[Black "Gupta Abhijeet (IND)"]
[Result "1/2-1/2"]
[WhiteElo "2425"]
[BlackElo "2580"]

{ } 1.d4 Nf6 2.c4 g6 3.g3 Bg7 4.Bg2 d5 5.cxd5 Nxd5 6.e4 Nb4 { ? } ( 6...Nb6
7.Ne2 c5 8.d5 e6 9.Nbc3 exd5 10.exd5 O-O 11.O-O Na6 12.h3 Nc4 13.b3 Nd6 14.Bf4
b6 15.Qd2 Re8 16.Rad1 Bb7 17.g4 Nc7 18.a4 Ba6 19.Rfe1 Bxe2 20.Nxe2 Be5 21.Bg5
Bf6 22.Be3 Qd7 23.Ng3 Re7 24.Bf4 Rxe1+ 25.Rxe1 Re8 26.Rd1 { ...0-1, Lputian
Smbat G 2618 - Van Wely Loek 2714 , Moscow 2001 Ch World FIDE (KO-system) } )
7.d5 c6 8.a3 N4a6 ( 8...Qa5 9.Nc3 cxd5 10.Be3 N4c6 11.exd5 Ne5 12.Bd4 Bf5
13.Bxe5 Bxe5 14.Ne2 O-O 15.O-O Qb6 16.Na4 Qd6 17.Re1 Na6 18.Nd4 Bd7 19.Nc3 Bg7
20.Qd2 Nc5 21.Rad1 Rac8 22.Qe3 Rfe8 23.Nc6 Bxc3 24.Qxc3 a6 25.Qe3 Bg4 26.Rd4
bxc6 27.dxc6 Qe6 28.Qc3 { ...1-0, Ivanchuk Vassily 2731 - Van Wely Loek 2714 ,
Monaco 2001 It "Melody Amber" (active) } ) 9.Ne2 ( 9.Nc3 O-O 10.Nf3 cxd5
11.exd5 Nd7 12.O-O Nb6 13.Re1 Bg4 14.h3 Bxf3 15.Qxf3 Re8 16.Bf4 Nc4 17.d6 Nxd6
18.Rad1 Nc7 19.b4 e5 20.Be3 Ne6 21.Nb5 Nd4 22.Bxd4 exd4 23.Rxe8+ Nxe8 24.Qxb7
Rb8 25.Qc6 Rb6 26.Qc5 a6 27.Na7 Re6 28.Nc6 Qf6 { ...1-0, Tregubov Pavel V 2629
- Karr Jean-Philippe 2357 , France 2003 Ch France (team) 2003 } ) 9...cxd5
10.exd5 { = } 10...O-O 11.O-O Nd7 12.Nbc3 Ne5 13.h3 Nc4 14.b3 Nd6 15.Bb2 {
-0.22 CAP } ( 15.Bf4 Bd7 16.Rc1 Qa5 17.a4 Rfc8 18.Bd2 Qd8 19.g4 Rc7 20.Ng3
Rac8 21.Nce4 Rxc1 22.Bxc1 b5 23.Nxd6 exd6 24.Ne4 bxa4 25.bxa4 Nc5 26.Nxc5 dxc5
27.d6 Bd4 28.Bf4 Qf6 29.Bg3 Rb8 30.Qd3 Rb4 31.Qa6 Qd8 32.Qxa7 Rxa4 33.Qc7 Qe8
34.Kh2 Kg7 { ...1-0, Ilincic Zlatko 2521 - Ftacnik Lubomir 2566 , Herceg Novi
2001 Ch Yugoslavia (team) (1 liga) } ) ( 15.Be3 Bd7 16.Bd4 Bxd4 17.Qxd4 Qb6
18.Qxb6 axb6 19.Nd4 Rfc8 20.Rfc1 Nc5 21.Nce2 Bb5 22.Bf1 Bxe2 23.Bxe2 Nce4
24.a4 Nc3 25.Bf3 Rc5 26.Ne2 Nxe2+ 27.Bxe2 Rxd5 28.Rc7 Kf8 29.Rac1 Raa5 30.Bf3
Rdc5 31.R1xc5 bxc5 32.Bxb7 Ra7 33.a5 Rxa5 34.Bf3 Ke8 { ...0-1, Dautov Rustem
2630 - Hracek Zbynek 2610 , Germany 2001 Bundesliga 2000/01 } ) ( 15.Ra2 Bd7
16.Kh2 Rc8 17.Ne4 Nxe4 18.Bxe4 Nc5 19.Bg2 Bb5 20.a4 Ba6 21.b4 Bc4 22.Rc2 Na6
23.Ba3 b5 24.axb5 Bxb5 25.Rxc8 Qxc8 26.Re1 Qc4 27.Nf4 Qa2 28.Qf3 Bf6 29.Re3
Rd8 30.Ne2 Nc7 31.Nc3 Qa1 32.Qf4 Rd6 33.Qg4 Bd7 34.Qc4 Bxc3 { ...1/2-1/2,
Solozhenkin Evgeniy 2509 - Maki Veijo 2388 , Finland 2002 Ch Finland (team)
2002/03 } ) 15...Nc5 { N } ( 15...Bd7 16.Rc1 Rc8 17.Re1 Re8 18.Nd4 Qb6 19.Nce2
Nc4 20.bxc4 Qxb2 21.Qd3 Nc5 22.Qe3 Qb6 23.Rb1 { 1/2-1/2, Anderton David W 2251
- Brangham G 2200 , Chester 1979 Ch Great Britain } ) 16.b4 Nce4 17.Na4 Bxb2
18.Nxb2 a5 19.Nd4 Nf6 20.Nd3 Bd7 21.g4 Bb5 22.Re1 Bxd3 23.Qxd3 axb4 24.axb4
Rxa1 25.Rxa1 Qb6 26.Rb1 Rc8 27.Nf3 { ?! } ( 27.Qe3 { !? } 27...Nc4 28.Qf4 Qd6
29.Qg5 Kh8 30.Nb5 Qd7 { } ) 27...Nb5 28.Nd2 Rc7 29.Ra1 Ne8 { ?! } ( 29...Nd6 {
!? } 30.Rb1 Kg7 31.Bf3 g5 32.Kg2 h6 33.Ne4 Nfxe4 34.Bxe4 Rc4 35.Bf3 { } )
30.Re1 { ?! } ( 30.Nc4 { !? } 30...Qf6 31.Ra8 Kg7 32.Rxe8 Rxc4 33.Qxc4 Nd6
34.Qc7 Nxe8 35.Qxb7 Nd6 36.Qa7 h5 37.gxh5 { } ) {#d} 1/2-1/2

[Event "It (open)"]
[Site "masterchessopen.com Zagreb (Croatia)"]
[Date "2008.05.13"]
[Round "2"]
[White "Bukal Vladimir Jr (CRO)"]
[Black "Rogulj Branko (CRO)"]
[Result "1/2-1/2"]
[WhiteElo "2394"]
[BlackElo "2406"]

1.d4 Nf6 2.c4 g6 3.g3 Bg7 4.Bg2 d5 5.cxd5 Nxd5 6.e4 Nb4 7.d5 c6 8.a3 Qa5 9.Nc3
cxd5 10.Bf4 N4c6 11.exd5 Nd4 12.Nf3 Bg4 13.O-O O-O 14.Re1 Qb6 15.Rb1 Rc8
16.Rxe7 Nd7 17.h3 Bxf3 18.Bxf3 Nxf3+ 19.Qxf3 Rxc3 20.Qd1 Rc4 21.Rxd7 Qb5
22.Rc7 Rd4 23.Qc2 Rxd5 24.Rc8+ Rd8 25.Rc7 Rd7 26.Rc8+ Rd8 27.Rc7 Rd7 28.Rc8+
{#d} 1/2-1/2

[Event "Ch Region (open)"]
[Site "masterchessopen.com Saratov (Russia)"]
[Date "2008.05.30"]
[Round "1"]
[White "Tropin Aleksandr (RUS)"]
[Black "Efimov Ivan (RUS)"]
[Result "0-1"]
[WhiteElo "1983"]
[BlackElo "2255"]

1.d4 Nf6 2.c4 g6 3.g3 Bg7 4.Bg2 d5 5.cxd5 Nxd5 6.e4 Nb4 7.Ne2 Bxd4 8.O-O N8c6
9.a3 Na6 10.Ra2 Be6 11.b3 Nc5 12.Rd2 Bxb3 13.Nxd4 Bxd1 14.Nxc6 Qc8 15.Rfxd1
bxc6 16.Rc2 Ne6 17.Bh6 c5 18.e5 c6 19.Nc3 Nd4 20.Rxd4 cxd4 21.Na4 Qa6 22.Bxc6+
Kd8 23.Bxa8 Qxa4 24.Be4 Kd7 25.Rb2 Rc8 26.Bd5 e6 27.Be4 Qxa3 28.Rb7+ Rc7
29.Rb8 Qc5 30.Bd3 Qxe5 31.Bf4 Qe1+ 32.Kg2 e5 33.Bb5+ Kd6 34.Bh6 Rc2 {#R} 0-1

[Event "Ch Poland (team) (Extra League)"]
[Site "masterchessopen.com Karpacz (Poland)"]
[Date "2008.09.11"]
[Round "6"]
[White "Kempinski Robert (POL)"]
[Black "Bobras Piotr (POL)"]
[Result "1/2-1/2"]
[WhiteElo "2595"]
[BlackElo "2565"]

1.d4 Nf6 2.c4 g6 3.g3 Bg7 4.Bg2 d5 5.cxd5 Nxd5 6.e4 Nb4 7.d5 c6 8.a3 Qa5 9.Nc3
cxd5 10.Be3 N4c6 11.exd5 Ne5 12.Bd4 Bf5 13.Ne2 O-O 14.O-O Nbd7 15.h3 Rac8
16.Kh2 Nb6 17.f4 Nec4 18.Bxg7 Ne3 19.Qd4 Nc2 20.Qd1 Ne3 21.Qd4 {#d} 1/2-1/2

[Event "Cup European Club (final)"]
[Site "masterchessopen.com Kallithea (Greece)"]
[Date "2008.10.21"]
[Round "5"]
[White "Rausis Igors (CZE)"]
[Black "Timofeev Artyom (RUS)"]
[Result "1/2-1/2"]
[WhiteElo "2480"]
[BlackElo "2670"]

1.d4 Nf6 2.c4 g6 3.g3 d5 4.cxd5 Nxd5 5.Bg2 Bg7 6.e4 Nb4 7.d5 c6 8.a3 Qa5 9.Nc3
cxd5 10.Bf4 N4c6 11.exd5 Ne5 12.Ne2 O-O 13.O-O Qa6 14.Qb3 Bg4 15.Nd4 Nbd7
16.h3 Nc5 17.Qb5 Qxb5 18.Ndxb5 Bf5 19.d6 e6 20.Rad1 Ncd3 21.Bxe5 Nxe5 22.Rfe1
Rfd8 23.Re2 a6 24.Nd4 Rxd6 25.Nxf5 Rxd1+ 26.Nxd1 gxf5 27.Bxb7 Rb8 28.Bxa6 Rb6
29.Bc8 Kf8 30.a4 Rc6 31.Bb7 Rc1 32.Re1 Nd3 33.Rf1 Nc5 34.Bc6 Nb3 35.Nc3 Rc2
36.Bb5 Rxb2 37.Ne2 Nd4 38.Nxd4 Bxd4 39.g4 fxg4 40.hxg4 Kg7 41.Kg2 Kf6 42.Bd3
Ra2 43.Bxh7 Kg5 44.Bb1 Rxa4 45.f3 Ra3 46.Rd1 Be5 47.Rd7 Rb3 48.Bc2 Rb2 49.Rd2
Kh4 50.Re2 Bf4 51.Bd3 Rb3 52.Bh7 Ra3 53.Be4 Kg5 54.Rc2 Be3 55.Rc7 Ra2+ 56.Rc2
Ra7 57.Kg3 Ra1 58.Kg2 Rg1+ 59.Kh2 Re1 60.Kg2 Kf4 61.Ra2 f5 {#d} 1/2-1/2

[Event "Cup Mitropa"]
[Site "masterchessopen.com Rogatska Slatina (Slovenia)"]
[Date "2009.05.12"]
[Round "4"]
[White "Vavrak Peter (SVK)"]
[Black "Petr Martin (CZE)"]
[Result "1/2-1/2"]
[WhiteElo "2475"]
[BlackElo "2478"]

1.d4 Nf6 2.c4 g6 3.g3 Bg7 4.Bg2 d5 5.cxd5 Nxd5 6.e4 Nb4 7.d5 c6 8.a3 Qa5 9.Nc3
cxd5 10.Bf4 N4c6 11.exd5 Ne5 12.Ne2 O-O 13.O-O Nbd7 14.Nd4 Nc4 15.Ncb5 Nde5
16.b3 Nd6 17.Qe1 Qxe1 18.Raxe1 Nxb5 19.Nxb5 f6 20.Nc7 Rb8 21.Ne6 Bxe6 22.dxe6
Rfc8 23.Rc1 b6 24.Bb7 Rd8 25.Rc7 Kf8 26.Ba6 Rd6 27.Rxa7 Rxe6 28.Rc1 Rd8 29.Rc8
Rxc8 30.Bxc8 Rd6 31.Ba6 g5 32.Bxe5 fxe5 33.Bc4 Bf6 34.Kg2 {#d} 1/2-1/2

[Event "It (open)"]
[Site "masterchessopen.com Nordhausen (Germany)"]
[Date "2009.08.01"]
[Round "6"]
[White "Richter Christian (GER)"]
[Black "Huhs Sven (GER)"]
[Result "1-0"]
[WhiteElo "2417"]
[BlackElo "2135"]

1.d4 Nf6 2.c4 g6 3.g3 Bg7 4.Bg2 d5 5.cxd5 Nxd5 6.e4 Nb4 7.d5 O-O 8.Ne2 c6 9.a3
Qa5 10.O-O Qa6 11.Nbc3 cxd5 12.Bg5 Nd3 13.Nxd5 Nxb2 14.Qc2 Bg4 15.f3 Bd7
16.Nec3 Nc4 17.Bxe7 Nc6 18.Bxf8 Rxf8 19.Rfb1 Nd4 20.Qd3 b5 21.a4 Ne5 22.Qf1
Qd6 23.axb5 Qc5 24.Kh1 f5 25.f4 Ng4 26.Qg1 fxe4 27.h3 Nf6 28.Nxf6+ {#r} 1-0

[Event "Ch Moscow (final) (KO-system)"]
[Site "masterchessopen.com Moscow (Russia)"]
[Date "2010.03.28"]
[Round "2"]
[White "Kharitonov Alexandr (RUS)"]
[Black "Nikolenko Oleg (RUS)"]
[Result "1/2-1/2"]
[WhiteElo "2552"]
[BlackElo "2537"]

1.d4 Nf6 2.c4 g6 3.g3 Bg7 4.Bg2 d5 5.cxd5 Nxd5 6.e4 Nb4 7.a3 N4c6 8.d5 Nd4
9.Nc3 O-O 10.Nge2 Nxe2 11.Qxe2 b6 12.Be3 Ba6 13.Qc2 c6 14.O-O-O cxd5 15.Nxd5
Nd7 16.Kb1 e6 17.Nc3 Qc8 18.f4 Bxc3 19.Qxc3 Qxc3 20.bxc3 Nc5 21.Bxc5 bxc5
22.Kc2 {#d} 1/2-1/2

[Event "Ch Moscow (final) (KO-system)"]
[Site "masterchessopen.com Moscow (Russia)"]
[Date "2010.03.28"]
[Round "2"]
[White "Kharitonov Alexandr (RUS)"]
[Black "Nikolenko Oleg (RUS)"]
[Result "1/2-1/2"]
[WhiteElo "2552"]
[BlackElo "2537"]

1.d4 Nf6 2.c4 g6 3.g3 Bg7 4.Bg2 d5 5.cxd5 Nxd5 6.e4 Nb4 7.a3 N4c6 8.d5 Nd4
9.Nc3 O-O 10.Be3 c5 11.Nge2 e5 12.O-O b6 13.f4 Nd7 14.h3 Ba6 15.Rf2 f5 16.fxe5
Nxe2+ 17.Nxe2 Nxe5 18.exf5 Nc4 19.Qd3 Nxe3 20.Qxe3 Bxe2 21.Qe6+ Kh8 22.Rxe2
Re8 23.Qxe8+ Qxe8 24.Rxe8+ Rxe8 25.Rb1 {#d} 1/2-1/2

[Event "Tournament (open) \"]
[Site "masterchessopen.com Lipetsk (Russia)"]
[Date "2010.07.16"]
[Round "7"]
[White "Dulin Anatoliy (RUS)"]
[Black "Kasantsev Anatolij B (RUS)"]
[Result "1/2-1/2"]
[WhiteElo "1943"]
[BlackElo "2081"]

1.d4 Nf6 2.c4 g6 3.g3 Bg7 4.Bg2 d5 5.cxd5 Nxd5 6.e4 Nb4 7.a3 N4c6 8.d5 Nd4
9.Ne2 c5 10.Nbc3 O-O 11.Be3 e5 12.O-O Na6 13.Rb1 Qe7 14.h3 Bd7 15.b4 b6
16.bxc5 Nxe2+ 17.Qxe2 Nxc5 18.Rfd1 Rac8 19.Nb5 Na4 20.Bd2 Rc2 21.Qd3 Rfc8
22.d6 Qf6 23.Nc7 Rc6 24.Bb4 Nc5 25.Bxc5 {#d} 1/2-1/2

[Event "Ch City"]
[Site "masterchessopen.com Tomsk (Russia)"]
[Date "2010.12.12"]
[Round "6"]
[White "Likhanov Igor (KAZ)"]
[Black "Beletsky Alexey (RUS)"]
[Result "0-1"]
[WhiteElo "1971"]
[BlackElo "2307"]

1.d4 Nf6 2.c4 g6 3.g3 Bg7 4.Bg2 d5 5.cxd5 Nxd5 6.e4 Nb4 7.Ne2 O-O 8.O-O N4c6
9.Nbc3 Nxd4 10.Nxd4 Bxd4 11.Bh6 Re8 12.Qc2 e5 13.Nd5 c6 14.Nb4 Be6 15.Kh1 Nd7
16.f4 exf4 17.gxf4 Qh4 18.Bg5 Qh5 19.Qd2 Bf6 20.Bxf6 Nxf6 21.Qc3 Qh4 22.f5 Ng4
23.h3 gxf5 24.exf5 Bxf5 25.Nd5 cxd5 26.Rf4 Nf2+ 27.Rxf2 Qxf2 28.Rg1 d4 29.Qc1
Kh8 30.Bxb7 Re3 31.Bg2 Rg8 32.Qd1 f6 33.Qh5 Re1 {#R} 0-1

[Event "Extra League 2010/11"]
[Site "masterchessopen.com Czech Republic"]
[Date "2011.04.17"]
[Round "11"]
[White "Kempinski Robert (POL)"]
[Black "Ftacnik Lubomir (SVK)"]
[Result "1/2-1/2"]
[WhiteElo "2604"]
[BlackElo "2570"]

1.d4 Nf6 2.c4 g6 3.g3 Bg7 4.Bg2 d5 5.cxd5 Nxd5 6.e4 Nb4 7.d5 c6 8.a3 Qa5 9.Nc3
cxd5 10.Be3 N4c6 11.exd5 Ne5 12.Ne2 O-O 13.O-O Nbd7 14.Bd4 Qa6 15.Nf4 Nb6
16.Qe1 Nd3 17.Nxd3 Bxd4 18.Nb4 Qc4 19.Rc1 Qb3 20.Qxe7 Bf5 21.g4 Bxg4 22.Qe4
Bxc3 23.Rxc3 Qxb2 24.Rc2 Qb3 25.Qxg4 a5 26.Rc7 axb4 27.Qxb4 Rxa3 28.Qxb3 Rxb3
29.Rxb7 Rd8 30.Rc1 Rb2 31.Be4 Nc4 32.Rxb2 {#d} 1/2-1/2

[Event "Ch Norway"]
[Site "masterchessopen.com Oslo (Norway)"]
[Date "2011.07.08"]
[Round "7"]
[White "Moen Andreas (NOR)"]
[Black "Forsaa Espen (NOR)"]
[Result "1/2-1/2"]
[WhiteElo "2373"]
[BlackElo "2315"]

1.d4 Nf6 2.c4 g6 3.g3 Bg7 4.Bg2 d5 5.cxd5 Nxd5 6.e4 Nb4 7.a3 N4c6 8.d5 Nd4
9.Nc3 c5 10.Nge2 O-O 11.O-O e5 12.dxe6 Bxe6 13.Nxd4 cxd4 14.Nd5 Nd7 15.b4 Nb6
16.Nxb6 Qxb6 17.Bb2 a5 18.Qd2 axb4 19.Qxb4 Qxb4 20.axb4 Rfc8 21.f4 Rxa1
22.Rxa1 Rc2 23.Ra8+ Bc8 24.Bf1 Rxb2 25.Rxc8+ Bf8 26.b5 Rb1 {#d} 1/2-1/2

[Event "It \"]
[Site "masterchessopen.com Santos (Brazil)"]
[Date "2011.11.29"]
[Round "6"]
[White "Leitao Rafael (BRA)"]
[Black "Barbosa Evandro Amorim (BRA)"]
[Result "1/2-1/2"]
[WhiteElo "2626"]
[BlackElo "2412"]

1.d4 Nf6 2.c4 g6 3.g3 Bg7 4.Bg2 d5 5.cxd5 Nxd5 6.e4 Nb4 7.d5 c6 8.a3 Qa5 9.Nc3
cxd5 10.Bf4 N4c6 11.exd5 Nd4 12.Nf3 Bg4 13.O-O O-O 14.Re1 Qb6 15.Rb1 Nd7
16.Rxe7 Rfe8 17.d6 Rxe7 18.dxe7 Qc5 19.Be3 Bxf3 20.Bxf3 Nxf3+ 21.Qxf3 Qxe7
22.Qxb7 Rb8 23.Qc7 Bxc3 24.Qxc3 Qe4 25.Rd1 Ne5 26.h3 Nf3+ 27.Kf1 Nh2+ 28.Kg1
Nf3+ 29.Kf1 Nh2+ 30.Kg1 {#d} 1/2-1/2